|
|
|
|
| LEADER |
00000nam a2200000 a 4500 |
| 001 |
vtls001380605 |
| 003 |
SK-MaSNL |
| 005 |
20260301161354.0 |
| 008 |
240313s1965 xx 0 und |
| 035 |
|
|
|a SNK000334601
|
| 040 |
|
|
|a SNK
|b slo
|c SNK
|e AACR2
|
| 100 |
1 |
|
|a Beránek, Emanuel
|4 aut
|9 524293
|
| 245 |
1 |
|
|a Člověk a pracovní podmínky
|
| 260 |
|
|
|a Praha
|b Práce
|c 1965
|
| 300 |
|
|
|a 298 s.
|
| 958 |
|
|
|a OND
|
| 999 |
|
|
|c 809166
|d 811096
|
| 952 |
|
|
|a SNK
|b SNK
|y VYP
|7 0
|p 17A1021374
|o snkIC 38306
|i snkKIP 7839/65
|0 0
|1 0
|4 0
|d 2012-11-19
|l 0
|r 2026-02-24 02:31:12
|w 2026-02-24
|
| 952 |
|
|
|t P60, <04>, [BOOK], {604}
|a SNK
|b SNK
|y VYP
|7 0
|p 17A0223969
|o snkIC 38306 D1
|0 0
|1 1
|4 0
|d 2000-01-12
|l 0
|r 2005-01-02 00:00:00
|w 2026-02-24
|